| 000 | 00523nam a2200193#a 4500 | ||
|---|---|---|---|
| 001 | 02373 | ||
| 003 | HDC | ||
| 007 | ta | ||
| 008 | 230623s2023 xx 000 0 eng d | ||
| 040 | _aHDC | ||
| 050 |
_aBP184.9 _b .H35 2014 |
||
| 110 |
_aHalal Industry Development Corporation, _e issuing body." |
||
| 245 | 0 |
_aHALAL ASSURANCE MANAGEMENT SYSTEM / _cHalal Industry Development Corporation |
|
| 650 |
_aHalal industry _xGuidelines _zMalaysia. |
||
| 942 | _2lcc | ||
| 942 | _cBK | ||
| 942 | _kBP184.9 | ||
| 942 | _m .H35 2014 | ||
| 999 |
_c23932 _d23932 |
||